000 00642nam a2200217 u 4500
005 20240228064255.0
008 170120s2004 r 000 0 eng d
020 _a9974772559
035 _aUPN01000215457
049 _aI
050 4 _aPZ78
_bE7.42
100 1 _aErbiti, Alejandra,
_d1963-
_933263
245 1 0 _aHassán y la princesa /
_cadaptación de Alejandra Erbiti.
260 _aSantafé de Bogotá :
_bLatinbooks,
_c[2004].
300 _a12 p. :
_bprincipalmente il.
440 0 _aCuentilandia
650 4 _aCuentos infantiles
_96744
650 4 _aLibros y lectura para niños
_92290
905 _aInfantil
999 _c187557
_d187557